| 000 | 00357 a2200157 4500 | ||
|---|---|---|---|
| 001 | 156732 | ||
| 020 | _a9780194401128 | ||
| 040 | _cEscola São Tomás de Aquino | ||
| 100 | _aKENSHOLE, Fiona | ||
| 240 | 1 | 0 |
_aCity Girl, Country Boy _leng |
| 245 | 1 | 0 | _aCity Girl, Country Boy |
| 300 | _a34 | ||
| 362 | 0 | _a2014 | |
| 697 | _aLíngua inglesa | ||
| 942 | _cBK | ||
| 999 |
_c156732 _d156732 |
||